00939nam a2200241 i 4500001000300000003000400003005001700007008004100024020002100065040000800086100003300094245008400127260005900211300003800270490007100308504002600379650002500405650004700430700001800477710003300495830007100528856009800599bgBPK20151130104418.0991125s1995 us a f 000 0 eng d a0131021601 (pbk) cBPK1 aBrown, H. Douglasd(1941- ).00aReadings on Second Language Acquisition /cH. Douglas Brown and Susan T. Gonzo. aEnglewood Cliffs :bPrentice Hall Regents,ccop. 1995. aXII, [2], 490 s. :bil. ;c24 cm.1 aBrown Library of Foreign and Second Language Learning and Teaching aBibliogr. przy rozdz. 9aLanguage acquisition 9aLanguage and languagesxStudy and teaching1 aGonzo, Susan.2 4pbl.aPrentice Hall Regents. 0aBrown Library of Foreign and Second Language Learning and Teaching uhttp://koha.tu.koszalin.pl/cgi-bin/koha/opac-detail.pl?biblionumber=48186yKatalog online BPK